00516nam a2200193 a 4500001001300000003000900013005001700022008004100039020002300080082001700103100002200120245001900142260005500161300000900216500003500225505003100260650000900291700002200300nice12345678IN_TiNIC20260116013727.0050524s1997 newa grp 000 0 eng  a8121515 c59500a954.918bBUR aBurton, Richard F aSind Revisited aNew Delhi bMunshiram Manoharlal Publishers c1997 a331p aincludes index and biblioraphy2 aVol I and 2 Bound Together aSind1 aBurton, Richard F